La revolucion nacional y las clases /
Guardado en:
| Autor Principal: | |
|---|---|
| Formato: | Libro |
| Publicado: |
Buenos Aires :
Relevo,
1963
|
| Series: | Serie: Hacia La Revolucion Nac
|
| Materias: | |
| Etiquetas: |
Agregar Etiqueta
Sin Etiquetas, Sea el primero en etiquetar este registro!
|
| LEADER | 00574nam a22001935a 4500 | ||
|---|---|---|---|
| 001 | EHU.bham024393 | ||
| 003 | AR-BHAM | ||
| 005 | 20130507143555.0 | ||
| 008 | 130507s1963##################000#0#####d | ||
| 082 | 3 | 2 | |a 323.3 |
| 100 | 1 | |a Astudillo, Alberto | |
| 245 | 1 | 0 | |a La revolucion nacional y las clases / |c Alberto Astudillo |
| 260 | |a Buenos Aires : |b Relevo, |c 1963 | ||
| 300 | |a 108 p. | ||
| 490 | 0 | |a Serie: Hacia La Revolucion Nac | |
| 653 | |a Donacion lejarraga | ||
| 653 | |a Revolucion | ||
| 653 | |a Clases sociales | ||
| 859 | |a AR-BHAM |b BIB. HUMANIDADES - General |h 323.3 |i AS89 |p 111.02 |t Ej.1 | ||
